Vista normal Vista MARC

Entrada Personal Name

Número de registros utilizados en: 4

001 - CONTROL NUMBER

  • control field: 11755

003 - CONTROL NUMBER IDENTIFIER

  • control field: OSt

005 - DATE AND TIME OF LATEST TRANSACTION

  • control field: 20201020144604.0

008 - FIXED-LENGTH DATA ELEMENTS

  • fixed length control field: 201020|| aca||aabn | a|a d

040 ## - CATALOGING SOURCE

  • Original cataloging agency: OSt
  • Transcribing agency: OSt

100 ## - HEADING--PERSONAL NAME

  • Personal name: Villamizar Herrera, Jesús

670 ## - SOURCE DATA FOUND

  • Source citation: Work cat.: (OSt)6094: Reddin, Bill, autor 11754, Gerencia por resultados /, 1991.